00758nam a2200241 a 4500001001300000003000900013005001700022008004100039020002300080082001800103100002300121245008500144260004200229300001000271500003500281505001000316650001600326700002300342902000800365942000700373952011900380999001700499nice12345678IN_TiNIC20260116014404.0131108s2013 newa grp 000 0 eng  a9780195651560c75000a324.245bCHA2 aChatterjee, Partha aPartha Chatterjee Omnibusb Comprising Nationalist Thought and he Colonial World aNew Delhi bOxford Univ. Press c2013 a301p  aincludes index and biblioraphy2 aIndex aNationalism1 aChatterjee, Partha bSRS cBK 001040708StackRoom-aHMIbHMId2013-11-08g750.00l0o324.245 CHA2p024176r2013-11-08v750.00w2013-11-08yBK c15076d15076